000 00895nam a22003137a 4500
001 BR6004797
003 BR-BrBNA
005 20230928083216.0
007 ta
008 230509b bl.||||| |||| 00| 0 por d
040 _aBR-BrBNA
_bpor
_cBiblioteca Nacional de Agricultura
041 _a(Por)
072 _aK00; K50
_b2480
090 _ 2480 BR6004797
100 1 _aMattos, C.R. de
110 1 _aInstituto de Pesquisa Agropecuaria do Leste, Cruz das Almas, BA (Brasil)
_96080
245 1 _aBibliografia de Seringueira [Hevea Brasiliensis L.]
260 3 _aCruz das Almas, BA (Brasil):
_c1972.
300 _a195 p.
650 _aProducao florestal
650 _aIndustria florestal
650 _aSeringueira
650 _aDoenca de planta
650 _aPraga de planta
650 _aBorracha
650 _aBibliografia
909 _a202309
_bLucia
_c55
_dLucia Elande
942 _cBK
999 _c12163
_d12163